| 000 | 01332pam a2200361 a 4500 | ||
|---|---|---|---|
| 001 | 2505080 | ||
| 003 | OSt | ||
| 005 | 20140310184516.0 | ||
| 008 | 920812r19931905nyub 000 1 eng | ||
| 010 | _a 92029791 | ||
| 020 |
_a0590445014 : _c$1.00 |
||
| 040 |
_aDLC _cDLC _dDLC |
||
| 042 | _alcac | ||
| 050 |
_aPZ 7 _b.St8482Tr 2008 |
||
| 100 | 1 |
_aStevenson, Robert Louis, _d1850-1894. _921777 |
|
| 245 | 1 | 0 |
_aTreasure island / _cRobert Louis Stevenson. |
| 260 |
_aNew York : _bDover Publications., _c2008. |
||
| 300 |
_a223 p. : _c25 cm. |
||
| 440 | 0 |
_aDover thrift editions _92837 |
|
| 521 | _aG10 | ||
| 526 | _c1100 | ||
| 650 | 1 |
_aPirates _vFiction. _921778 |
|
| 650 | 1 |
_aAdventure and adventurers _vFiction. _921779 |
|
| 650 | 0 |
_aTreasure Island (Imaginary place) _vFiction. _921780 |
|
| 650 | 0 |
_aTreasure troves _vFiction. _921781 |
|
| 650 | 0 |
_aPirates _vFiction. _921782 |
|
| 655 | 7 |
_aSea stories. _2gsafd _93247 |
|
| 856 | 4 | 2 |
_3Publisher description _uhttp://www.loc.gov/catdir/description/dover033/92029791.html |
| 906 |
_a7 _bcbc _corignew _d1 _eocip _f19 _gy-gencatlg |
||
| 942 |
_2lcc _cBK-SCHOLAS |
||
| 999 |
_c34947 _d34947 |
||